00815nam 22002413 4500001000700000010001800007021001700025090001100042100004100053101000800094200012500102205000800227210003300235215003300268300002400301606005200325675003200377700003100409801001800440830002300458990001100481995008100492202133 a972-29-0214-8 aPTb65127/93 a202133 a20241118d u||y0pory50 ba apor aAs cruzadas vistas pelos árabesfAmin Maaloufgtradução de Geminiano Cascais Franco; revisão de Marcelino Amaral a1ª aLisboacEdições 70d2013 a308, [4] p.cBrochadod24 cm aRomance histórico 99395aLiteratura LibanesaxEm Língua Francesa a821.133.1(569.3)-3vPTzpor 92409aMaaloufbAminf1943- aPTbBMMNgRPC cFernandofFernando cLIVROS 002052026-05-11931837bBMMNf31557k821.133.1-3 MAA|DEPo0rLIVROSsOferta